| FMT | BK |
| LDR | 00687nam 2200181ui 4500 |
| 001 | 000113838 |
| 008 | 960610s1996 xxk 001 0 eng |
| 098 | |a E2 |e Teoría monetaria |
| 098 | |a E3 |e Política monetaria |
| 1001 | |a Mulligan, Casey B. |
| 24510 | |a Adoption of financial technologies : implications for money demand and monetary policy / |c Casey B. Mulligan and Xavier Sala i Martin |
| 2461 | |a CEPR discussion papers [INTERNET] |
| 260 | |a London : |b CEPR. Centre for Economic Policy Research, |c 1996 |
| 300 | |a 42 p., 4 h. |
| 440 0 | |a CEPR discussion papers |v 1358 |
| 440 0 | |a Discussion papers / Centre for Economic Policy Research |
| 651 4 | |a Estados Unidos |
| 7001 | |a Sala i Martin, Xavier |
| 7102 | |a CEPR. |b Centre for Economic Policy Research (London) |
| 035 | |a (OCoLC)760445887 |z OCOLC760445887 |
| TYP | |a Libro |
| SYS | 000113838 |
2013 Banco de España, Madrid, España. Reservados todos los derechos
Basado en Ex Libris (© 2009 Ex Libris)